00970nam a2200229 a 4500001001000000003000500010005001700015008004100032010001100073011001100084040000900095100002900104245017600133260004100309500006000350502010700410650004100517650004800558650002900606650003500635856007000670000115755CHAP20220329144547.0190702s2019 mx a |sm |||||||spa d a112216 a113188 cCHAP1 aLemos Figueroa, Marisel.10aPobreza alimentaria en zonas cafetaleras de México, estudio de caso:h[En línea]bregión de las grandes montañas, Estado de Veracruz /cpor Marisel Lemos Figueroa. aChapingo, Méx. :bEl autor,c2019. aPara ver el contenido del material haga clic en la liga aTesis (PhD. en Ciencias en Desarrollo Rural Regional) -- UACH. Dirección General de Control Regional14aComunidades ruralesxAlimentación.14aComunidades ruralesxPolítica y gobierno.14aPobreza ruralzVeracruz.14aVeracruzxCondiciones rurales. aFinding aiduhttp://10.13.5.2/tesis/sist115755.pdfzTeclea aquí